000 00226nam a2200097 a 4500
005 20140414132030.0
008 110317s19uu xx 00 eng d
050 _aTR
_bON2 1990
245 _aOne light, one sun.
999 _c113617
_d113617